[Event "ESP-ch U12 rapid"]
[Site "Salobrena"]
[Date "2024.07.14"]
[Round "8"]
[White "Martin Mcmullin, Arturo"]
[Black "Iglesias Pau, Nil"]
[Result "0-1"]
[WhiteElo "1617"]
[BlackElo "1553"]
[PlyCount "98"]
[EventDate "2024.07.13"]
[EventType "swiss (rapid)"]
[EventRounds "9"]
[EventCountry "ESP"]
[SourceTitle "EXT 2025"]
[Source "ChessBase"]
[SourceDate "2024.10.14"]
[SourceVersion "1"]
[SourceVersionDate "2024.10.14"]
[SourceQuality "1"]

1. e4 e5 2. Nf3 Nf6 3. Nxe5 Nxe4 4. Qe2 Qe7 5. Qxe4 d6 6. d4 dxe5 7. Qxe5 Qxe5+ 8. dxe5 Nc6 9. Bb5 Bd7 10. Bxc6 Bxc6 11. 0-0 0-0-0 12. Nc3 Bc5 13. Bg5 Rde8 14. Rfe1 Re6 15. Bf4 g5 16. Bg3 h5 17. h4 gxh4 18. Bxh4 Rg8 19. g3 Rg4 20. Kf1 Reg6 21. Rad1 b6 22. Ke2 Re6 23. Bf6 Rg6 24. Kd2 Bxf2 25. Rf1 Bxg3 26. Kc1 h4 27. Nd5 Bxd5 28. Rxd5 h3 29. Rd3 h2 30. Rh1 Bf4+ 31. Kb1 Rg1+ 32. Rd1 Rxd1+ 33. Rxd1 Bxe5 34. Bg5 Rg6 35. Be3 c5 36. c3 Rg3 37. Bf2 Rg2 38. Be3 Bf4 39. Bxf4 Rg1 40. Bxh2 Rxd1+ 41. Kc2 Rf1 42. Bg3 f5 43. b4 c4 44. a4 a5 45. bxa5 bxa5 46. Kd2 Kd7 47. Ke3 Ke6 48. Kd4 Ra1 49. Kxc4 Rxa4+ 0-1